Responses for Show #6775 - Friday, February 14, 2014

2014 College Championship quarterfinal game 5.

Contestants

[<< previous game]

Alex Sventeckis, a senior at Ball State University from Fishers, Indiana

Erika Sloan, a sophomore from Middlebury College from Simsbury, Connecticut

Maria Khrakovsky, a senior from The Ohio State University from Columbus, Ohio

[next game >>]

Jeopardy! Round responses

THE STAGE
U.S. CITIES
COLLEGE FOOTBALL
(Alex: How appropriate.)
ONLINE & TEXT ABBREVIATIONS
ADMISSIONS
"GR"AD SCHOOL
(Alex: "G-R" coming up in each correct response.)
    $200 26
Oedipus Rex

Alex
    $200 21
(Maria: What is Detroit?)

Green Bay

MariaAlex
    $200 6
Jameis Winston

Maria
    $200 1
whatever

Maria
    $200 11
Louisiana

Alex
    $200 16
a green thumb

Alex
    $400 27
"There's No Business Like Show Business"

Triple Stumper
    $400 22
St. Louis

Alex
    $400 7
(Johnny) Manziel

Alex
    $400 2
the bathroom

Triple Stumper
    $400 12
Tokyo

Alex
    $400 17
a groundhog

Erika
    $600 28
Our Town

Maria
    $600 23
Birmingham

Maria
    $600 8
Nick Saban

Maria
    $600 3
way to go

Maria
    $600 13
Francis Scott Key

Maria
    $600 18
(Maria: What is Grey's Anatomy?)

Grimm

Maria
Triple Stumper
    $2,000 29
(Maria: What is Paris?)

Berlin

Maria
    $800 24
(Alex Trebek: Don't you miss that one!)

Ohio

Maria
    $800 9
Clemson

Triple Stumper
    $800 4
in real life

Erika
    $800 14
Earth Day

Alex
    $800 19
gravel and grovel

Alex
    $1000 30
George Bernard Shaw

Triple Stumper
    $1000 25
Johnstown

Triple Stumper
    $1000 10
Army

Alex
    $1000 5
age, sex, and location

Maria
    $1000 15
performance-enhancing drugs

Maria
    $1000 20
a grinder

Maria

Scores at the first commercial break (after clue 15):

Maria Erika Alex
$4,200 $800 $2,800

Scores at the end of the Jeopardy! Round:

Maria Erika Alex
$4,400 $1,200 $4,600

Double Jeopardy! Round responses

THE TOPIC IS MICROSCOPIC
LANGUAGES
GETTING SCHOOLED ON TV
THE "EX" FACTOR
WHERE WERE YOU & WHEN?
RUNNING HOT & COLD
    $400 26
lenses

Alex
    $400 1
German

Alex
    $400 11
Family Guy

Alex
    $400 6
Express

Maria
    $400 16
Marie Antoinette

Alex
    $400 21
a geysor

Erika
    $800 27
(Alex Trebek: The word we're looking for here is [*].)

resolution

Triple Stumper
    $1,200 2
(Alex Sventeckis: What is Navajo?)

Cherokee

Alex
    $800 12
Cal Tech

Maria
    $800 7
extortion

Alex
    $800 17
(North) Vietnam

Erika
    $800 22
Cold War

Maria
    $1200 28
light

Alex
    $1200 3
Klingon

Erika
    $1200 13
(Erika: What is Glendale?)
...
(Alex Trebek: Erika, you were close. It's not Glendale--it's [*].)

Greendale

Erika
Triple Stumper
    $1200 8
Excellency

Maria
    $1200 18
(Alex Sventeckis: What is Denmark?)

the Netherlands

ErikaAlex
    $1200 23
estrogen

Erika
    $1600 29
the diaphragm

Triple Stumper
    $1600 4
Estonian

Maria
    $1600 14
Pretty Little Liars

Maria
    $1600 9
excelsior

Triple Stumper
    $1,000 19
the Red Baron

Erika
    $1600 24
Cold Case

Erika
    $2000 30
(Anton Van) Leeuwenhoek

Maria
    $2000 5
(Erika: What is ancient Norse?)

Danish

Erika
Triple Stumper
    $2000 15
The Carrie Diaries

Erika
    $2000 10
extant

Erika
    $2000 20
(Alex Sventeckis: What is the Potomac?)
...
(Alex Trebek: He was crossing [*] to go fight a duel with Alexander Hamilton.)

the Hudson River

Alex
Triple Stumper
    $2000 25
Hot Topic

Erika

Scores at the end of the Double Jeopardy! Round:

Maria Erika Alex
$12,800 $11,400 $3,800

Final Jeopardy! Round responses

GETTING A "D" IN COLLEGE
AlexWhat is divinity?
$3,000
ErikaWhat is divinity?
$3,600
MariaWhat is dentistry diplomacy?
$9,000
divinity

Final scores:

Maria Erika Alex
$3,800 $15,000 $6,800
3rd place: $5,000 if eliminated Automatic semifinalist 2nd place: $5,000 if eliminated

Game dynamics:

Coryat scores:

Maria Erika Alex
$14,800 $12,000 $5,000
18 R,
3 W
(including 1 DD)
12 R
(including 1 DD),
2 W
16 R,
3 W
(including 1 DD)

Combined Coryat: $31,800

[game clues] [game scores] [suggest correction]

Game tape date: 2014-01-07
The J! Archive is created by fans, for fans. Scraping, republication, monetization, and malicious use prohibited; this site may use cookies and collect identifying information. See terms. The Jeopardy! game show and all elements thereof, including but not limited to copyright and trademark thereto, are the property of Jeopardy Productions, Inc. and are protected under law. This website is not affiliated with, sponsored by, or operated by Jeopardy Productions, Inc. Join the discussion at JBoard.tv.